Los grandes problemas nacionales /
Bewaard in:
| Hoofdauteur: | |
|---|---|
| Andere auteurs: | |
| Formaat: | Boek |
| Taal: | Spaans |
| Gepubliceerd in: |
México :
Comisión Federal de Electricidad,
1979, c1979
|
| Reeks: | (Instituto Nacional de la Juventud Mexicana ;
2) |
| Onderwerpen: | |
| Tags: |
Geen labels, Wees de eerste die dit record labelt!
|
MARC
| LEADER | 00000nam^a2200000^a^4500 | ||
|---|---|---|---|
| 001 | 000344777 | ||
| 005 | 20250521000000.0 | ||
| 009 | 20260310114659.733 | ||
| 037 | |a Acervo ITESO - Biblioteca | ||
| 041 | |a ESP | ||
| 082 | |a 972. 052 |b MOL | ||
| 100 | |a Molina Enríquez, Andrés |e (autor) | ||
| 245 | 1 | 4 | |a Los grandes problemas nacionales / |c A. Molina Enríquez ; pról. de G. Pérez Velasco. |
| 264 | 4 | |a México : |b Comisión Federal de Electricidad, |c 1979, c1979 | |
| 300 | |a 347 p. | ||
| 336 | |a texto |b txt |2 rdacontenido | ||
| 337 | |a sin mediación |b n |2 rdamedio | ||
| 338 | |a volumen |b nc |2 rdasoporte | ||
| 440 | 1 | |a (Instituto Nacional de la Juventud Mexicana ; |v 2) | |
| 649 | |a XX | ||
| 650 | |a Problemas Sociales - |z México - |x Tema Principal | ||
| 650 | |a Política - |z México - |x Historia - |y Porfirismo, 1876-1911 | ||
| 650 | |a Política - |z México - |x Historia - |y República Liberal, 1867-1911 | ||
| 650 | |a Economía - |z México - |x Historia - |y Porfirismo, 1876-1911 | ||
| 650 | |a Economía - |z México - |x Historia - |y República Liberal, 1867-1911 | ||
| 650 | |a México - |x Historia - |y Porfirismo, 1876-1911 - |x Tema Principal | ||
| 650 | |a México - |x Historia - |y República Liberal, 1867-1911 | ||
| 650 | |a México - |x Historia - |y Siglo XIX | ||
| 650 | |a México - |x Condiciones Políticas | ||
| 650 | |a México - |x Condiciones Económicas | ||
| 650 | |a México - |x Condiciones Sociales y Culturales | ||
| 700 | |a Pérez Velasco, Guillermo |e (prólogo) | ||
| 910 | |a Fondo General | ||
| 920 | |a Impresos - Libros | ||
| 930 | |a Colección General | ||
| 905 | |a 101 | ||
| 901 | |a 0500235459 |b IT1 |c ACC |u 20250521 | ||
| 902 | |a https://opac.biblio.iteso.mx/vufind/Record/000344777 | ||